00375nam a2200157Ia 45000010006000000050017000060080041000230410008000640820016000721000024000882450048001122600009001603000032001696500008002016540008002091133720260306162820.0260306t1983||||xx |||||||||||||| ||spa|| aESP a985.02bT25 aTauro, AlbertoeAUT 0aDestrucción de los indios y otros ensayos c1983 aiv, 106 páginas :c18 cm. aGEN aCHU